00224 a2200085 450000100060000008200160000610000210002224500580004326000370010164690 a515.353 DUC aDuchasteau, Paul aTheory and problems of Partial Differential Equations aN.YbSchaum's Series McGraw Hill